[Event "KUW-ch"]
[Site "Kuwait City"]
[Date "2024.01.28"]
[Round "6"]
[White "Alsaqer, Meshal"]
[Black "Alhejab, Meshal"]
[Result "0-1"]
[WhiteElo "1753"]
[BlackElo "1787"]
[PlyCount "54"]
[EventDate "2024.01.22"]
[EventType "swiss"]
[EventRounds "9"]
[EventCountry "KUW"]
[SourceTitle "CB07_2024"]
[SourceDate "2024.02.14"]
[SourceVersion "1"]
[SourceVersionDate "2024.02.14"]
[SourceQuality "1"]

1. d4 Nf6 2. Nf3 e6 3. Bg5 d5 4. e3 c5 5. Bb5+ Nbd7 6. Nbd2 Qb6 7. a4 a6 8. Bxd7+ Nxd7 9. Qc1 f6 10. Bh4 cxd4 11. Nxd4 a5 12. 0-0 e5 13. Nb5 g5 14. Bg3 f5 15. f4 gxf4 16. Qd1 Nf6 17. Bh4 fxe3 18. Qe2 exd2+ 19. Bf2 Bc5 20. Qxe5+ Kf7 21. Bxc5 Qxc5+ 22. Kh1 Ra6 23. Ra3 Ng4 24. Rxf5+ Bxf5 25. Qxf5+ Rf6 26. Qd7+ Qe7 27. Qxd5+ Kf8 0-1

[Event "KUW-ch"]
[Site "Kuwait City"]
[Date "2024.01.27"]
[Round "5"]
[White "Alenezi, Hamad"]
[Black "Alsaqer, Meshal"]
[Result "1/2-1/2"]
[WhiteElo "1419"]
[BlackElo "1753"]
[PlyCount "22"]
[EventDate "2024.01.22"]
[EventType "swiss"]
[EventRounds "9"]
[EventCountry "KUW"]
[SourceTitle "CB07_2024"]
[SourceDate "2024.02.14"]
[SourceVersion "1"]
[SourceVersionDate "2024.02.14"]
[SourceQuality "1"]

1. e4 e6 2. d4 b6 3. c4 Bb7 4. Bd3 d5 5. cxd5 exd5 6. e5 c5 7. Nf3 Nc6 8. Be3 cxd4 9. Bxd4 Nxd4 10. Nxd4 Bb4+ 11. Nd2 Qe7 1/2-1/2

[Event "KUW-ch"]
[Site "Kuwait City"]
[Date "2024.01.26"]
[Round "4"]
[White "Alsaqer, Meshal"]
[Black "Hashem, Khaled"]
[Result "1-0"]
[WhiteElo "1753"]
[BlackElo "1868"]
[PlyCount "67"]
[EventDate "2024.01.22"]
[EventType "swiss"]
[EventRounds "9"]
[EventCountry "KUW"]
[SourceTitle "CB07_2024"]
[SourceDate "2024.02.14"]
[SourceVersion "1"]
[SourceVersionDate "2024.02.14"]
[SourceQuality "1"]

1. d4 Nf6 2. Bg5 d5 3. Nf3 g6 4. Bxf6 exf6 5. e3 Bg7 6. c4 c6 7. Nc3 dxc4 8. Bxc4 0-0 9. 0-0 f5 10. Rb1 a5 11. a3 Nd7 12. b4 axb4 13. axb4 c5 14. bxc5 Nxc5 15. Qc2 Ne4 16. Rfc1 Nxc3 17. Qxc3 Qd6 18. g3 f4 19. gxf4 Bf5 20. Qb4 Qd8 21. Ra1 Rb8 22. Bf1 Re8 23. Ra7 Be4 24. Bg2 Bf8 25. Qc4 Qd7 26. Ne5 Rxe5 27. fxe5 Qg4 28. Qf1 Bc6 29. h3 Qxg2+ 30. Qxg2 Bxg2 31. Kxg2 b5 32. Rcc7 b4 33. Rxf7 b3 34. Rfb7 1-0

[Event "KUW-ch"]
[Site "Kuwait City"]
[Date "2024.01.22"]
[Round "1"]
[White "Alqattan, Osamah"]
[Black "Alsaqer, Meshal"]
[Result "0-1"]
[WhiteElo "1239"]
[BlackElo "1753"]
[PlyCount "58"]
[EventDate "2024.01.22"]
[EventType "swiss"]
[EventRounds "9"]
[EventCountry "KUW"]
[SourceTitle "CB07_2024"]
[SourceDate "2024.02.14"]
[SourceVersion "1"]
[SourceVersionDate "2024.02.14"]
[SourceQuality "1"]

1. d4 d5 2. c4 e6 3. g3 Nf6 4. Bg2 Bb4+ 5. Bd2 Be7 6. Nf3 0-0 7. 0-0 c6 8. Nc3 Nbd7 9. Qc2 b6 10. b3 Ba6 11. cxd5 cxd5 12. Rfe1 Rc8 13. Rac1 Ba3 14. Rcd1 Ne4 15. Ne5 Nxc3 16. Bxc3 Nxe5 17. dxe5 Bb4 18. Be4 Bxc3 19. Bxh7+ Kh8 20. Qb1 Qg5 21. f4 Qh6 22. Bc2 Bxe1 23. Rxe1 Rc3 24. f5 Qe3+ 25. Kg2 Bxe2 26. f6 Qd2 27. fxg7+ Kxg7 28. Rxe2 Qxe2+ 29. Kg1 Rxc2 0-1

[Event "Kuwait Blitz op"]
[Site "Kuwait"]
[Date "2023.12.01"]
[Round "4"]
[White "Al Amri, Salim Mohammed"]
[Black "Alsaqer, Meshal"]
[Result "1-0"]
[WhiteElo "2032"]
[BlackElo "1765"]
[PlyCount "75"]
[EventDate "2023.12.01"]
[EventType "swiss (blitz)"]
[EventRounds "9"]
[EventCountry "KUW"]
[SourceTitle "CB50_2023"]
[SourceDate "2023.12.13"]
[SourceVersion "1"]
[SourceVersionDate "2023.12.13"]
[SourceQuality "1"]

1. e4 e6 2. d4 d5 3. Nd2 dxe4 4. Nxe4 Be7 5. Nf3 Nd7 6. Bd3 Ngf6 7. Nxf6+ Nxf6 8. 0-0 0-0 9. Re1 b6 10. c3 Bb7 11. Qe2 c5 12. dxc5 Bxc5 13. Bg5 Be7 14. Rad1 Qc7 15. Ne5 Rad8 16. h4 h6 17. Bf4 Nd5 18. Bg3 Bd6 19. Bc2 Nf6 20. Rxd6 Qxd6 21. Nxf7 Qc6 22. Nxh6+ gxh6 23. f3 Rfe8 24. Be5 Kf7 25. h5 Nxh5 26. Kh2 Nf6 27. Qe3 Qc5 28. Qf4 Qe7 29. Kg1 Rd5 30. Qxh6 Rxe5 31. Rxe5 Rg8 32. Qf4 a6 33. Rh5 Ke8 34. Rh6 Qg7 35. Rg6 Qe7 36. Rxf6 Bd5 37. Bg6+ Kd7 38. Rf7 1-0

[Event "KUW-ch"]
[Site "Kuwait City"]
[Date "2023.02.11"]
[Round "9"]
[White "Alrashidi, Yousef"]
[Black "Alsaqer, Meshal"]
[Result "0-1"]
[WhiteElo "1553"]
[BlackElo "1763"]
[PlyCount "62"]
[EventDate "2023.02.01"]
[EventType "swiss"]
[EventRounds "9"]
[EventCountry "KUW"]
[SourceTitle "CBM 213 Extra"]
[Source "ChessBase"]
[SourceDate "2023.05.31"]
[SourceVersion "1"]
[SourceVersionDate "2023.05.31"]
[SourceQuality "1"]

1. Nf3 d5 2. g3 Nf6 3. d4 c6 4. Bg2 Bf5 5. 0-0 e6 6. Re1 h6 7. Nc3 Be7 8. Ne5 0-0 9. e4 Bh7 10. exd5 cxd5 11. Bh3 Nc6 12. a3 Nxe5 13. Rxe5 Rc8 14. Qe2 Bd6 15. Re3 Rc4 16. Bd2 Bxc2 17. Rc1 Bg6 18. Nb5 Rxc1+ 19. Bxc1 Bb8 20. Bg2 Qb6 21. Nc3 Qxd4 22. h3 Qb6 23. Na4 Qc6 24. Nc3 Qc5 25. Bd2 d4 26. b4 Qc8 27. Rf3 dxc3 28. Bxh6 c2 29. Bc1 Qd8 30. Bd2 Qd4 31. Qe1 Rd8 0-1

[Event "KUW-ch"]
[Site "Kuwait"]
[Date "2022.01.04"]
[Round "2"]
[White "Alsaqer, Meshal"]
[Black "Al Subaie, Nasser"]
[Result "1/2-1/2"]
[WhiteElo "1763"]
[BlackElo "1284"]
[PlyCount "46"]
[EventDate "2022.01.03"]
[EventType "swiss"]
[EventRounds "9"]
[EventCountry "KUW"]
[SourceTitle "CBM 206 Extra"]
[Source "ChessBase"]
[SourceDate "2022.03.31"]
[SourceVersion "1"]
[SourceVersionDate "2022.03.31"]
[SourceQuality "1"]

1. d4 Nf6 2. Nf3 d5 3. c4 e6 4. g3 c5 5. cxd5 exd5 6. Bg2 Be7 7. 0-0 0-0 8. Nc3 Nc6 9. b3 h6 10. Bb2 Bf5 11. Rc1 Rc8 12. e3 Nb4 13. Ne5 c4 14. bxc4 dxc4 15. Bxb7 Rb8 16. Bg2 Nd3 17. Nxd3 Bxd3 18. Ba1 Ba3 19. Re1 Re8 20. Bc6 Re6 21. d5 Rxc6 22. dxc6 Bxc1 23. Qxc1 Qd6 1/2-1/2

[Event "Online Olym Div4 B"]
[Site "Chess.com INT"]
[Date "2021.08.21"]
[Round "5.4"]
[White "Alsaqer, Meshal"]
[Black "Kamwendo, Precious"]
[Result "0-1"]
[WhiteElo "1763"]
[BlackElo "1934"]
[PlyCount "94"]
[EventDate "2021.08.20"]
[EventType "team (rapid)"]
[EventRounds "11"]
[EventCountry "USA"]
[SourceTitle "CBM 203 Extra"]
[Source "ChessBase"]
[SourceDate "2021.09.30"]
[SourceVersion "1"]
[SourceVersionDate "2021.09.30"]
[SourceQuality "1"]
[WhiteTeam "Kuwait"]
[BlackTeam "Malawi"]
[WhiteTeamCountry "KUW"]
[BlackTeamCountry "MWI"]

1. d4 c5 2. c3 e6 3. Nf3 Nf6 4. Bf4 Nc6 5. e3 Be7 6. Be2 0-0 7. h3 b6 8. 0-0 Bb7 9. a4 d6 10. Na3 Re8 11. Re1 Bf8 12. Bh2 d5 13. Bb5 a6 14. Bxc6 Bxc6 15. Ne5 Bb7 16. Nb1 Ne4 17. Nd2 Nxd2 18. Qxd2 Bd6 19. Rac1 Rc8 20. Bg3 Qc7 21. f4 f6 22. Nf3 Bc6 23. b3 Rb8 24. Ra1 a5 25. Rec1 Bb7 26. Bf2 Rbd8 27. b4 axb4 28. cxb4 c4 29. Rcb1 Ra8 30. Qc2 Ra7 31. Be1 Rea8 32. a5 b5 33. Bc3 Qd7 34. Re1 Kh8 35. Rad1 Bc6 36. g3 Re8 37. Kh2 Qe7 38. Nd2 Bxb4 39. Ra1 Bxc3 40. Qxc3 b4 41. Qc2 Rea8 42. e4 c3 43. Nb3 dxe4 44. Qd1 Bd5 45. Qc2 f5 46. g4 fxg4 47. hxg4 Qh4+ 0-1

[Event "Online Olym Div4 B"]
[Site "Chess.com INT"]
[Date "2021.08.20"]
[Round "2.2"]
[White "Weldegebriel Beraki, Kibrom"]
[Black "Alsaqer, Meshal"]
[Result "1-0"]
[WhiteElo "1820"]
[BlackElo "1763"]
[PlyCount "101"]
[EventDate "2021.08.20"]
[EventType "team (rapid)"]
[EventRounds "11"]
[EventCountry "USA"]
[SourceTitle "CBM 203 Extra"]
[Source "ChessBase"]
[SourceDate "2021.09.30"]
[SourceVersion "1"]
[SourceVersionDate "2021.09.30"]
[SourceQuality "1"]
[WhiteTeam "Eritrea"]
[BlackTeam "Kuwait"]
[WhiteTeamCountry "ERI"]
[BlackTeamCountry "KUW"]

1. d4 d5 2. c4 c6 3. Nf3 Nf6 4. Nc3 g6 5. cxd5 cxd5 6. Bf4 Bg7 7. e3 0-0 8. Be2 Nc6 9. 0-0 Bg4 10. h3 Bxf3 11. Bxf3 e6 12. Rc1 Rc8 13. Qb3 Na5 14. Qa4 a6 15. Qd1 Qb6 16. Na4 Qb5 17. b3 Ne4 18. Bxe4 dxe4 19. Qd2 b6 20. Bc7 Nc6 21. Bxb6 Nb4 22. Bc5 Nd3 23. Rcd1 Rfd8 24. Qe2 Rc6 25. Nc3 Qb8 26. Nxe4 Nxc5 27. dxc5 Rxd1 28. Rxd1 Bf8 29. Qf3 Rc8 30. Nf6+ Kg7 31. Nd7 Qc7 32. Nxf8 Kxf8 33. b4 a5 34. a3 Rb8 35. Rb1 Kg8 36. Qf4 Qc8 37. Qc4 e5 38. b5 Qf5 39. Rd1 e4 40. c6 Rxb5 41. c7 Rc5 42. Rd8+ Kg7 43. Qd4+ f6 44. Qxc5 Qxc5 45. c8Q Qxa3 46. Qd7+ Kh6 47. Qd6 Qa1+ 48. Kh2 f5 49. Qf4+ Kg7 50. Rd7+ Kf8 51. Qb8# 1-0

[Event "Gulf-ch Amateur"]
[Site "Kuwait"]
[Date "2019.10.26"]
[Round "6"]
[White "Alsaqer, Meshal"]
[Black "Alhejab, Meshal"]
[Result "1-0"]
[WhiteElo "1757"]
[BlackElo "1472"]
[PlyCount "73"]
[EventDate "2019.10.21"]
[EventType "swiss"]
[EventRounds "9"]
[EventCountry "KUW"]
[SourceTitle "CBM 195 Extra"]
[Source "ChessBase"]
[SourceDate "2020.05.31"]
[SourceVersion "1"]
[SourceVersionDate "2020.05.31"]
[SourceQuality "1"]

1. Nf3 d5 2. d4 Nf6 3. Bf4 c5 4. c3 Nc6 5. e3 Qb6 6. Qb3 c4 7. Qc2 Bf5 8. Qc1 Nh5 9. Be5 f6 10. Bg3 Nxg3 11. hxg3 e5 12. Be2 0-0-0 13. Nh4 Be6 14. Ng6 Ba3 15. Nxa3 hxg6 16. Rxh8 Rxh8 17. Qd2 Rh1+ 18. Bf1 Qd8 19. 0-0-0 e4 20. Be2 Qh8 21. Nxc4 Qh2 22. Nd6+ Kc7 23. Nxe4 Qxg2 24. Nc5 Bf5 25. Rxh1 Qxh1+ 26. Qd1 Qh2 27. Qe1 b6 28. Nd3 Nd8 29. Nf4 Kd6 30. Bf3 Be6 31. Nxg6 Qh7 32. Nf4 g5 33. Nxe6 Nxe6 34. Qh1 Qd3 35. Bxd5 Qe2 36. Bb3 Qxf2 37. Qd5+ 1-0

[Event "Gulf-ch Amateur"]
[Site "Kuwait"]
[Date "2019.10.23"]
[Round "3"]
[White "Alsaqer, Meshal"]
[Black "Al Ghasra, Ali"]
[Result "0-1"]
[WhiteElo "1757"]
[BlackElo "2052"]
[PlyCount "72"]
[EventDate "2019.10.21"]
[EventType "swiss"]
[EventRounds "9"]
[EventCountry "KUW"]
[SourceTitle "CBM 195 Extra"]
[Source "ChessBase"]
[SourceDate "2020.05.31"]
[SourceVersion "1"]
[SourceVersionDate "2020.05.31"]
[SourceQuality "1"]

1. d4 Nf6 2. Nf3 e6 3. c4 Bb4+ 4. Bd2 Qe7 5. g3 Bxd2+ 6. Nbxd2 Nc6 7. Bg2 e5 8. dxe5 Nxe5 9. 0-0 0-0 10. Nxe5 Qxe5 11. b3 d6 12. Nf3 Qh5 13. Re1 Bh3 14. Qd4 Bxg2 15. Kxg2 Rfe8 16. e3 Re4 17. Qd1 Qg6 18. Kh1 Rae8 19. Qc2 Rxe3 20. Qxg6 Rxe1+ 21. Rxe1 Rxe1+ 22. Nxe1 hxg6 23. f3 Kf8 24. Kg2 Ke7 25. Kf2 d5 26. Ke3 c5 27. cxd5 Nxd5+ 28. Kd2 Kd6 29. a3 g5 30. Nd3 f6 31. Nf2 b6 32. Kd3 Nc7 33. Ne4+ Kc6 34. a4 Ne6 35. h4 gxh4 36. gxh4 Nd4 0-1

[Event "Gulf-ch Amateur"]
[Site "Kuwait"]
[Date "2019.10.22"]
[Round "2"]
[White "Alazmi, Ahmad"]
[Black "Alsaqer, Meshal"]
[Result "0-1"]
[WhiteElo "1370"]
[BlackElo "1757"]
[PlyCount "72"]
[EventDate "2019.10.21"]
[EventType "swiss"]
[EventRounds "9"]
[EventCountry "KUW"]
[SourceTitle "CBM 195 Extra"]
[Source "ChessBase"]
[SourceDate "2020.05.31"]
[SourceVersion "1"]
[SourceVersionDate "2020.05.31"]
[SourceQuality "1"]

1. e4 e6 2. Nf3 d5 3. exd5 exd5 4. h3 Bf5 5. d4 Nf6 6. c3 Bd6 7. Bd3 Ne4 8. Nbd2 Nxf2 9. Kxf2 Bxd3 10. Re1+ Be7 11. Nb3 Ba6 12. Kg1 0-0 13. Re5 c6 14. Bg5 f6 15. Bxf6 Bxf6 16. Re6 Nd7 17. Qc2 Re8 18. Rxe8+ Qxe8 19. Re1 Qg6 20. Qd2 Re8 21. Rxe8+ Qxe8 22. Qf4 h6 23. h4 Be2 24. Nh2 Qe7 25. g3 Nf8 26. Qf2 Bh5 27. Nf1 Bg6 28. Ne3 b6 29. Nc1 Qe6 30. Ne2 Be4 31. Nf4 Qf7 32. Kh2 Ng6 33. Nfg2 Be7 34. Qe1 Bd6 35. Ng4 Qf3 36. Qf2 Qxg4 0-1

[Event "Gulf-ch Amateur"]
[Site "Kuwait"]
[Date "2019.10.21"]
[Round "1"]
[White "Alsaqer, Meshal"]
[Black "Alkandari, Adel"]
[Result "1-0"]
[WhiteElo "1757"]
[BlackElo "1167"]
[PlyCount "65"]
[EventDate "2019.10.21"]
[EventType "swiss"]
[EventRounds "9"]
[EventCountry "KUW"]
[SourceTitle "CBM 195 Extra"]
[Source "ChessBase"]
[SourceDate "2020.05.31"]
[SourceVersion "1"]
[SourceVersionDate "2020.05.31"]
[SourceQuality "1"]

1. d4 d5 2. Nf3 Nf6 3. c4 e6 4. g3 Be7 5. Bg2 c6 6. Nbd2 0-0 7. 0-0 Nbd7 8. Qc2 h6 9. b3 Bd6 10. Bb2 Re8 11. e4 Nxe4 12. Nxe4 dxe4 13. Qxe4 Nf6 14. Qc2 c5 15. Rad1 cxd4 16. Nxd4 Qb6 17. Nb5 Be7 18. Bd4 Bc5 19. Bxc5 Qxc5 20. Nd6 Re7 21. Rd2 Rb8 22. Rfd1 Bd7 23. Nxb7 Qc7 24. Nd6 Bc6 25. Bxc6 Qxc6 26. Nb5 Qb6 27. Rd6 Qc5 28. Nc3 Ree8 29. Ne4 Nxe4 30. Qxe4 f5 31. Qd4 Qc7 32. Rd7 e5 33. Qd5+ 1-0

[Event "KUW-ch sf"]
[Site "Kuwait"]
[Date "2018.11.20"]
[Round "5"]
[White "Alsaqer, Meshal"]
[Black "Hussain, Hashem"]
[Result "1/2-1/2"]
[WhiteElo "1660"]
[BlackElo "1695"]
[PlyCount "89"]
[EventDate "2018.11.16"]
[EventType "swiss"]
[EventRounds "9"]
[EventCountry "KUW"]
[SourceTitle "CBM 187 Extra"]
[Source "ChessBase"]
[SourceDate "2018.11.04"]
[SourceVersion "1"]
[SourceVersionDate "2018.11.04"]
[SourceQuality "1"]

1. d4 Nf6 2. Nf3 g6 3. g3 Bg7 4. Bg2 0-0 5. 0-0 d6 6. b3 c5 7. e3 Na6 8. Bb2 Rb8 9. c4 Bd7 10. Nc3 b6 11. Rc1 Nc7 12. Re1 e6 13. dxc5 dxc5 14. Ne5 Qe7 15. Nxd7 Nxd7 16. Qe2 Rbd8 17. Rcd1 Ne5 18. f4 Nd7 19. Rd2 Nf6 20. Red1 Rxd2 21. Rxd2 Rd8 22. Qd1 Rxd2 23. Qxd2 h5 24. e4 Ng4 25. e5 Nh6 26. Ne4 Nf5 27. Nd6 Ne8 28. Nxf5 exf5 29. Qd5 Bf8 30. Qc6 Nc7 31. Bd5 Ne6 32. Kf2 h4 33. Qb7 hxg3+ 34. hxg3 Qxb7 35. Bxb7 Be7 36. Ke3 Kf8 37. Bc6 Bd8 38. a3 Be7 39. Bc3 a5 40. Kd3 Kg7 41. Ke3 Kh6 42. Be8 Nd8 43. Kf3 Kh5 44. Be1 Bf8 45. Bc3 1/2-1/2

[Event "KUW-ch First Stage"]
[Site "Kuwait"]
[Date "2017.12.09"]
[Round "1.10"]
[White "Alsaqer, Meshal"]
[Black "Shfakah, Turki"]
[Result "1-0"]
[WhiteElo "1637"]
[BlackElo "1210"]
[PlyCount "77"]
[EventDate "2017.12.09"]
[EventType "swiss"]
[EventRounds "9"]
[EventCountry "KUW"]
[SourceTitle "EXT 2024"]
[Source "ChessBase"]
[SourceDate "2023.10.10"]
[SourceVersion "1"]
[SourceVersionDate "2023.10.10"]
[SourceQuality "1"]

1. d4 c6 2. Nf3 d5 3. c3 Bf5 4. Bf4 e6 5. Nbd2 Bd6 6. Bxd6 Qxd6 7. Qb3 b6 8. e3 Nf6 9. Be2 0-0 10. Nh4 Bg4 11. Nhf3 Ne4 12. Qc2 Bf5 13. Nh4 Bg6 14. Nxg6 fxg6 15. Nxe4 dxe4 16. Qxe4 Nd7 17. Bf3 Rac8 18. 0-0 Nf6 19. Qd3 g5 20. g3 g4 21. Bg2 h5 22. e4 Qd7 23. e5 Nh7 24. Qg6 Qf7 25. Be4 Qxg6 26. Bxg6 c5 27. dxc5 Rxc5 28. Bxh5 Rxe5 29. Bxg4 Nf6 30. f4 Re3 31. Bf3 Rd8 32. Rae1 Rdd3 33. Rxe3 Rxe3 34. Kf2 Rd3 35. Re1 Kf7 36. Ke2 Rd6 37. Rd1 Rxd1 38. Kxd1 Nd7 39. b4 1-0

[Event "Kuwait Amateur Group A"]
[Site "Kuwait"]
[Date "2017.11.12"]
[Round "8.5"]
[White "Alsaqer, Meshal"]
[Black "Hamdi, Emad"]
[Result "1-0"]
[WhiteElo "1609"]
[BlackElo "1615"]
[PlyCount "106"]
[EventDate "2017.11.05"]
[EventType "swiss"]
[EventRounds "9"]
[EventCountry "KUW"]
[SourceTitle "EXT 2024"]
[Source "ChessBase"]
[SourceDate "2023.10.10"]
[SourceVersion "1"]
[SourceVersionDate "2023.10.10"]
[SourceQuality "1"]

1. d4 Nf6 2. Bf4 d5 3. e3 Bf5 4. Be2 e6 5. Nf3 h6 6. c4 Bd6 7. Bxd6 Qxd6 8. 0-0 0-0 9. Qb3 Qb6 10. Nbd2 Nbd7 11. cxd5 exd5 12. Rfc1 c6 13. h3 Rfe8 14. a4 Ne4 15. a5 Nxd2 16. Nxd2 Qc7 17. Qxd5 Be6 18. Qf3 Nf6 19. Bc4 Qd6 20. Bxe6 Rxe6 21. Nc4 Qb4 22. Qd1 a6 23. Ra4 Qb5 24. Nb6 Rae8 25. Rc5 Qxb2 26. Nc4 Qc3 27. Nd6 Qb2 28. Nxe8 Rxe8 29. Qc2 Qxc2 30. Rxc2 Ne4 31. Rb4 Re7 32. Rcb2 Nd6 33. Re2 f5 34. f3 Kf7 35. Kf2 Kf6 36. g4 g6 37. Re1 Kg5 38. gxf5 gxf5 39. Rg1+ Kf6 40. Rg8 Ne8 41. Rb1 h5 42. Rbg1 Ng7 43. Rf8+ Ke6 44. Rg6+ Kd5 45. Rg8 Ne6 46. Rh8 Rf7 47. Rxh5 c5 48. dxc5 Nxc5 49. e4+ Kd4 50. Rxf5 Rh7 51. Rd5+ Kc4 52. Kg3 b5 53. axb6 a5 1-0

[Event "Kuwait Masters Group B"]
[Site "Kuwait"]
[Date "2017.08.10"]
[Round "7.3"]
[White "Alsaqer, Meshal"]
[Black "Al Azmi, Khalaf"]
[Result "0-1"]
[WhiteElo "1633"]
[BlackElo "1779"]
[PlyCount "46"]
[EventDate "2017.08.02"]
[EventType "tourn"]
[EventRounds "7"]
[EventCountry "KUW"]
[SourceTitle "EXT 2024"]
[Source "ChessBase"]
[SourceDate "2023.10.10"]
[SourceVersion "1"]
[SourceVersionDate "2023.10.10"]
[SourceQuality "1"]

1. d4 d5 2. Bf4 Nf6 3. e3 c5 4. c3 Nc6 5. Be2 Bf5 6. Qb3 Qb6 7. Nd2 c4 8. Qxb6 axb6 9. Ngf3 b5 10. Nh4 Bd7 11. h3 h6 12. Nhf3 g5 13. Be5 Nxe5 14. Nxe5 Bf5 15. 0-0 h5 16. a3 g4 17. hxg4 hxg4 18. f3 Bh6 19. Kf2 g3+ 20. Kxg3 Bxe3 21. Rad1 Nh5+ 22. Kh4 Nf4+ 23. Kg5 Rh5# 0-1

[Event "Kuwait Fischer Cup"]
[Site "Kuwait"]
[Date "2016.10.13"]
[Round "1"]
[White "Alsaqer, Meshal"]
[Black "Taha, Ahmad"]
[Result "0-1"]
[WhiteElo "1674"]
[BlackElo "1965"]
[PlyCount "70"]
[EventDate "2016.10.13"]
[EventType "swiss"]
[EventRounds "9"]
[EventCountry "KUW"]
[SourceTitle "EXT 2018"]
[Source "ChessBase"]
[SourceDate "2017.10.13"]
[SourceVersion "1"]
[SourceVersionDate "2017.10.13"]
[SourceQuality "1"]

1. d4 Nf6 2. c4 e6 3. Nf3 c5 4. d5 exd5 5. cxd5 g6 6. Nc3 Bg7 7. e4 d6 8. Bb5+ Nbd7 9. Bf4 a6 10. Qa4 0-0 11. Be2 b5 12. Qc2 Re8 13. Bxd6 b4 14. e5 bxc3 15. exf6 cxb2 16. Rb1 Nxf6 17. Bxc5 Bf5 18. Qxb2 Bxb1 19. Qxb1 Nxd5 20. Be3 Nxe3 21. fxe3 Rb8 22. Qd3 Qxd3 23. Bxd3 Rb2 24. 0-0 Bh6 25. Bxa6 Bxe3+ 26. Kh1 Rxa2 27. Bb5 Re7 28. h3 Kg7 29. Bc4 Rc2 30. Bd5 Rc1 31. Rxc1 Bxc1 32. Kh2 Bf4+ 33. Kg1 Bg3 34. Kf1 f5 35. Bc6 Kf6 0-1